| 000 | 01087cac a2200337 i 4500 | ||
|---|---|---|---|
| 003 | EG-GICUC | ||
| 005 | 20260121101552.0 | ||
| 008 | 060607s2006 mnu frb 001 0 eng d | ||
| 020 |
_a9780314159021 _qalk. paper |
||
| 020 |
_a0314159029 _qalk. paper |
||
| 040 |
_aDLC _cDLC _dDLC _dEG-GICUC _beng _erda |
||
| 043 | _an-us--- | ||
| 050 | 0 | 0 |
_aKF9218 _b.L25 2006 |
| 082 | 0 | 4 |
_221 _a343.1.073 |
| 092 | 0 | 4 | _221 |
| 099 | _aLaw 10 2006 | ||
| 100 | 1 | _aLaFave, Wayne R. | |
| 245 | 1 | 0 |
_aModern criminal law : _bcases, comments, and questions / _cby Wayne R. LaFave. |
| 250 | _a4th edition. | ||
| 264 |
_aSt. Paul, Minn. : _bThomson/West, _c2006. |
||
| 300 |
_alxxi, 894, 96 page ; _c26 cm. |
||
| 336 |
_atext _btxt _2rdacontent |
||
| 337 |
_aunmediated _bn _2rdamedia |
||
| 338 |
_avolume _bnc _2rdacarrier |
||
| 490 | 0 | _aAmerican casebook series | |
| 504 | _aIncludes bibliographical references (p. xi-xvi) and index. | ||
| 650 | 0 |
_aCriminal law _zUnited States _vCases. |
|
| 856 | 4 | 0 | _uhttps://fll.law.cu.edu.eg/fulltext/bks/ENGB10-00123.pdf |
| 905 | _a10 | ||
| 942 |
_2ddc _cBK _e21 _n0 |
||
| 999 |
_c53276 _d53276 |
||